000 00653cam a22002412a 4500
001 002855
003 AR-FADEU
008 311216n1993####xxu####################dd
020 _a0-521-36684-4
092 _a415
_bH791
_eMAESTRIA
100 _aHopper, Paul J.
245 _aGrammaticalization
260 _aNew York
260 _bCambridge University
260 _c1993
300 _a256 p
440 _aCaambridge textbooks in linguistics
500 _aIncludes: bibliographical references
700 _aElizabeth Closs, Traugott
650 _a/LINGUISTICA/GRAMATICALIZACION/REVISADO//MAESTRIA/
546 _aInglés
942 _cMAESTRIA
999 _c8687
_d8687